[Event "Wch Blitz"]
[Site "St Petersburg"]
[Date "2018.12.29"]
[Round "12"]
[White "Rechlis, Gad"]
[Black "Tomashevsky, Evgeny"]
[Result "1-0"]
[WhiteElo "2521"]
[BlackElo "2705"]
[PlyCount "93"]
[EventDate "2018.12.29"]
[EventType "swiss (blitz)"]
[EventRounds "21"]
[EventCountry "RUS"]
[SourceTitle "CBM 187 Extra"]
[Source "ChessBase"]
[SourceDate "2018.11.04"]
[SourceVersion "1"]
[SourceVersionDate "2018.11.04"]
[SourceQuality "1"]

1. e4 e5 2. Nf3 Nc6 3. Bb5 a6 4. Ba4 Nf6 5. 0-0 Be7 6. Re1 b5 7. Bb3 0-0 8. c3 d6 9. h3 Nb8 10. d4 Nbd7 11. Nbd2 Bb7 12. Bc2 Re8 13. Nf1 Bf8 14. Ng3 g6 15. a4 c6 16. Bg5 h6 17. Be3 Qc7 18. Nh2 d5 19. Ng4 Nxg4 20. Qxg4 Bg7 21. exd5 cxd5 22. dxe5 Nxe5 23. Qh4 Qd8 24. Qxd8 Rexd8 25. Bxh6 Nf3+ 26. gxf3 Bxh6 27. Re7 Bc6 28. Ne2 Re8 29. Rxe8+ Rxe8 30. Nd4 Bd7 31. axb5 axb5 32. Bb3 Re5 33. h4 Kf8 34. Ra7 Ke8 35. Rb7 Bh3 36. Kh2 Bf1 37. Kg3 Bc1 38. Nxb5 f5 39. Bxd5 g5 40. hxg5 Bxb5 41. Rxb5 Re1 42. f4 Rg1+ 43. Kf3 Rg4 44. Rb4 Ke7 45. Bb7 Rh4 46. Bc8 Rh3+ 47. Kg2 1-0

[Event "Wch Rapid"]
[Site "St Petersburg"]
[Date "2018.12.27"]
[Round "9"]
[White "Apryshko, Gleb"]
[Black "Rechlis, Gad"]
[Result "1-0"]
[WhiteElo "2385"]
[BlackElo "2521"]
[PlyCount "140"]
[EventDate "2018.12.26"]
[EventType "swiss (rapid)"]
[EventRounds "15"]
[EventCountry "RUS"]
[SourceTitle "CBM 187 Extra"]
[Source "ChessBase"]
[SourceDate "2018.11.04"]
[SourceVersion "1"]
[SourceVersionDate "2018.11.04"]
[SourceQuality "1"]

1. e4 c5 2. Nf3 d6 3. d4 cxd4 4. Nxd4 Nf6 5. Nc3 g6 6. f3 Bg7 7. Be3 0-0 8. Qd2 Nc6 9. 0-0-0 d5 10. Qe1 e5 11. Nxc6 bxc6 12. exd5 Nxd5 13. Bc4 Be6 14. Kb1 Re8 15. Ne4 f5 16. Ng5 Bc8 17. Bb3 f4 18. Ne4 fxe3 19. c4 Be6 20. cxd5 cxd5 21. Qxe3 Kh8 22. Qc5 Bf8 23. Qc6 Rc8 24. Qa6 Rc7 25. Ka1 Rd7 26. Ba4 dxe4 27. Bxd7 Bxd7 28. Qxa7 Re7 29. fxe4 Qe8 30. Qa5 h6 31. Rhf1 Bg7 32. Qc5 Kh7 33. Qd6 Bb5 34. Rfe1 Ra7 35. Qc5 Ra4 36. Rd6 Qa8 37. a3 Be8 38. Re6 Bf7 39. Re7 Rc4 40. Qd6 Qxe4 41. Rf1 Qd5 42. Qxd5 Bxd5 43. Rd1 Bc6 44. Rc7 e4 45. Kb1 e3 46. Re7 Be4+ 47. Ka1 e2 48. Re1 Bd3 49. R7xe2 Bxe2 50. Rxe2 g5 51. Ka2 Kg6 52. b4 Kf5 53. b5 Re4 54. Rc2 Bd4 55. Kb3 Ke5 56. a4 Bb6 57. Rc6 Ba5 58. Ra6 Be1 59. b6 Kd5 60. a5 Kc6 61. Ra7 g4 62. g3 h5 63. Kc2 Ra4 64. b7 Rb4 65. a6 Bf2 66. Ra8 Bc5 67. Rc8+ Kd6 68. b8Q+ Rxb8 69. Rxb8 Bg1 70. Rb1 Kd5 1-0

[Event "ISR-ch"]
[Site "Maalot Tarshiha"]
[Date "2018.12.20"]
[Round "9"]
[White "Mikhalevski, Victor"]
[Black "Rechlis, Gad"]
[Result "0-1"]
[WhiteElo "2579"]
[BlackElo "2521"]
[PlyCount "96"]
[EventDate "2018.12.12"]
[EventType "swiss"]
[EventRounds "9"]
[EventCountry "ISR"]
[SourceTitle "CBM 187 Extra"]
[Source "ChessBase"]
[SourceDate "2018.11.04"]
[SourceVersion "1"]
[SourceVersionDate "2018.11.04"]
[SourceQuality "1"]

1. d4 Nf6 2. Nf3 e6 3. c4 c5 4. d5 exd5 5. cxd5 d6 6. Nc3 g6 7. Bf4 a6 8. a4 Bg7 9. h3 0-0 10. e3 Ne8 11. Be2 Nd7 12. 0-0 Rb8 13. Re1 Ne5 14. Nd2 Nc7 15. a5 Re8 16. Bh2 b5 17. axb6 Rxb6 18. Qc2 Rb8 19. Kh1 Rb4 20. f4 Nd7 21. e4 Nb5 22. Bxb5 axb5 23. Nf3 Nb6 24. Ra7 Na4 25. Nxa4 bxa4 26. Rxa4 Rxb2 27. Qc1 Qb6 28. Nd2 Qb5 29. Ra3 Qb4 30. Nc4 Rc2 31. Qxc2 Qxe1+ 32. Bg1 Bd4 33. Ne3 Bf5 34. Qf2 Qc1 35. Ra4 Bd7 36. Ra7 Rxe4 37. Qc2 Bxe3 38. Qxc1 Bxc1 39. Rxd7 Bxf4 40. Bf2 Re2 41. Kg1 Rd2 42. g3 Be5 43. Be3 Rd1+ 44. Kf2 Kg7 45. Kf3 Rxd5 46. Ke4 Rd1 47. Bxc5 Re1+ 48. Be3 Bxg3 0-1